000 00515nam a2200169Ia 4500
003 GCL
008 140319s9999 xx 000 0 ara d
040 _aGCL /
_cGCL
082 0 4 _a920.71
_bم ك
100 1 _aابى بكر عبدالله بن محمد المال
245 1 0 _aكتاب رياض النفوس /
_cابى بكر عبدالله بن محمد المال
260 _a[S.N] :
_bدار الغرب الاسلامى
300 _a555 ص
490 _a
650 0 4 _aالقيروان
942 _2ddc
_cBK
999 _c43623
_d43623